000
00350nam a22001577a 4500
020
_a
9788125911425
041
_a
ENG
100
_a
Sahay,K.M
245
_a
Unit operations of Aggicuktural Processing
250
_a
Second
260
_a
New Delhi
_b
Vikas pub
_c
2019
300
_a
374
650
_a
APE
700
_a
Singh.K.K
856
_u
APE ( 42 )
999
_c
139
_d
139